Christianity in the United States : a historical survey and interpretation /

Bibliographic Details
Main Author: Wills, David W.
Format: Book
Language:English
Published: Notre Dame, Ind. : University of Notre Dame Press, [2005]
Edition:English language ed.
Subjects:
Online Access:Table of contents

MARC

Tag First Indicator Second Indicator Subfields
LEADER 00000pam a22000004a 4500
001 in00002054921
005 20151101181512.0
008 050114s2005 inu b 001 0 eng
010 |a  2005001126 
020 |a 0268044066 (pbk. : alk. paper) 
035 |a (OCoLC)ocm57514702 
040 |a DLC  |c DLC  |d YDX  |d UtOrBLW 
042 |a pcc 
043 |a n-us--- 
049 |a TXAM 
050 0 0 |a BR515  |b .W49 2005 
082 0 0 |a 277.3  |2 22 
100 1 |a Wills, David W. 
245 1 0 |a Christianity in the United States :  |b a historical survey and interpretation /  |c David W. Wills. 
250 |a English language ed. 
264 1 |a Notre Dame, Ind. :  |b University of Notre Dame Press,  |c [2005] 
264 4 |c ©2005 
300 |a xvii, 102 pages ;  |c 22 cm. 
336 |a text  |b txt  |2 rdacontent 
337 |a unmediated  |b n  |2 rdamedia 
338 |a volume  |b nc  |2 rdacarrier 
504 |a Includes bibliographical references (pages 85-92) and index. 
505 0 |a Colonies in the Atlantic world -- A continental nation-state -- A global power. 
650 0 |a Christianity  |z United States. 
650 0 |a African Americans  |x Religion. 
651 0 |a United States  |x Church history. 
856 4 1 |3 Table of contents  |u http://www.loc.gov/catdir/toc/ecip056/2005001126.html  |t 0 
945 |i PromptCat 
947 |a A14832644706 
994 |a 92  |b TXA 
948 |a cataloged  |b h  |c 2005/6/21  |d c  |e rbarron  |f 11:30:44 am 
999 |a MARS 
999 f f |s e8c35d89-de09-3b5f-a77f-16ccbb36076a  |i 8cecbac9-ed55-3ccd-a37c-30485f2c9fc2  |t 0 
952 f f |p ric  |a Texas A&M University  |b Rellis Campus  |c Joint Library Facility  |d Remote Storage  |t 0  |e BR515 .W49 2005  |h Library of Congress classification  |i unmediated -- volume  |m A14832644706 
998 f f |a BR515 .W49 2005  |t 0  |l Remote Storage